000
00247nam a22001097a 4500
082
_a
030 GRE'H
100
_a
JOWETT, B
_9
77264
245
_a
THE DIALOGUES OF PLATS
250
_a
7 VOLUMES
260
_a
CHICAGO
_b
WILLIAM BENTON
_c
1952
942
_c
BK
999
_c
582563
_d
582563